000
00277nam a22001217a 4500
008
181024b xxu||||| |||| 00| 0 eng d
041
_a
eng
080
_a
615.83
100
_a
8
101
_a
EGZ
245
_a
Rehabilitation of the Injured Knee
_c
Hunter,L.Y
942
_2
udc
_c
BK
999
_c
50846
_d
50846